| 000 | 02441nam a22002057a 4500 | ||
|---|---|---|---|
| 999 |
_c18003 _d17999 |
||
| 003 | AR-BaUME | ||
| 005 | 20260310131329.0 | ||
| 008 | 260310b ||||| |||| 00| 0 spa d | ||
| 040 |
_aUMET Biblioteca _bspa _cUMET Biblioteca |
||
| 100 |
_aZilber, Patrica _927307 |
||
| 245 |
_aAnálisis y descripción del programa Foro Pyme Aduanero en los años 2020-2022 / _cPatricia Zilber; tutor Sebastián Barbosa |
||
| 250 | _a1a ed. | ||
| 260 |
_aCiudad de Buenos Aires : _bUMET, _c2025 |
||
| 300 | _a135 p. : | ||
| 502 |
_aTesis (Licenciatura en Políticas Públicas y Gobierno) - _cUniversidad Metropolitana para la Educación y el Trabajo, Ciudad de Buenos Aires, _d2025. |
||
| 520 |
_a"Este Trabajo de Integración Final analiza el programa “Foro Pyme Aduanero” en los años 2020-2022, período en el que participé en la gestión del programa como organizadora. Nuestro propósito al analizar esta política busca mejorar los mecanismos del Estado para garantizar la participación del sector pyme en la hechura de políticas públicas, debido a la importancia del desarrollo del sector en el contexto socioeconómico del país, ya que las pymes constituyen una parte esencial del entramado productivo, en la generación de empleo y la promoción del desarrollo económico regional. Este trabajo no sólo busca contribuir al debate sobre la integración de las pymes dentro del comercio exterior en un contexto de globalización y cambios estructurales, sino que anhela ser una herramienta que nos permita diseñar mejores estrategias en el futuro y para ello se necesita conocer y revisar las políticas públicas implementadas en el pasado. El Foro Pyme Aduanero representó una política que invitaba al sector de las pequeñas y medianas empresas de todo el país a participar de espacios de diálogos con las máximas autoridades de la Dirección General de Aduanas, intentando así acercar el Estado al territorio. Por este motivo, analizar el Foro Pyme Aduanero y sus medidas resulta esencial para entender cómo esta política facilitó o limitó la integración de las pymes al comercio exterior, marcando una posición en una discusión que, durante mucho tiempo, y aún hoy más fuertemente, define el rol del Estado en la promoción del desarrollo económico." _c(resumen) |
||
| 700 |
_927295 _aBarbosa, Sebastián _etut. |
||
| 856 |
_uhttps://forms.gle/Kw4PRVhcEaZfTaho8 _zSolicitar acceso online |
||
| 942 |
_2udc _cTESIS GR |
||